NCAA - National Titles - Statistics

General Stats
  • This quiz has been taken 92 times
  • The average score is 19 of 26
Answer Stats
Answer % Correct
56 Big Ten Michigan
92%
138 Pac-12 UCLA
92%
78 Ivy League Yale
91%
51 Ivy League Harvard
89%
129 Pac-12 USC
88%
69 Big Ten Ohio State
87%
53 Ivy League Penn
84%
39 SEC Georgia
82%
56 Big 12 Texas
80%
68 Ivy League Princeton
79%
135 Pac-12 Stanford
79%
51 Pac-12 Washington
79%
41 SEC Florida
78%
38 Big 12 Oklahoma
78%
56 Pac-12 California
75%
56 Pac-12 Arizona State
72%
85 Big Ten Penn State
71%
48 SEC LSU
70%
78 Ivy League Cornell
68%
45 ACC North Carolina
67%
51 Big Ten Wisconsin
66%
53 Big 12 Oklahoma State
57%
38 Ivy League Columbia
54%
47 Big Ten Maryland
51%
47 SEC Arkansas
46%
73 Patriot League Navy
37%
No matching quizzes found
Score Distribution
Percent of People with Each Score
Percentile by Number Answered
Your Score History
You have not taken this quiz